| 000 -CABECERA |
| Longitud fija campo de control |
01161nai a22002537a 4500 |
| 001 - NÚMERO DE CONTROL |
| Número de control |
991011881939706706 |
| 003 - IDENTIFICADOR DEL NÚMERO DE CONTROL |
| Identificador del número de control |
OSt |
| 005 - FECHA Y HORA DE LA ÚLTIMA TRANSACCIÓN |
| Fecha y hora de la última transacción |
20211228110404.0 |
| 008 - CÓDIGOS DE INFORMACIÓN DE LONGITUD FIJA |
| Códigos de información de longitud fija |
050908s2005 xx fs c |
| 020 ## - NÚMERO INTERNACIONAL NORMALIZADO PARA LIBROS |
| Número Internacional Normalizado para Libros (ISBN) |
8467006080 |
| 035 ## - NÚMERO DE CONTROL DEL SISTEMA |
| Número de control del sistema |
(ES-BaCBU).b42916057 |
| 040 ## - FUENTE DE LA CATALOGACIÓN |
| Centro catalogador de origen |
ES-BaCBU |
| Lengua de catalogación |
cat |
| Centro transcriptor |
CDMR |
| 041 0# - CÓDIGO DE LENGUA |
| Código de lengua del texto/banda sonora o título independiente |
spa |
| 245 00 - MENCIÓN DE TÍTULO |
| Título |
Gran Espasa universal |
| Medio |
[Recurs electrònic] : |
| Resto del título |
enciclopedia multimedia |
| 250 ## - MENCIÓN DE EDICIÓN |
| Mención de edición |
ed. limitada i numerada |
| 260 ## - PUBLICACIÓN, DISTRIBUCIÓN, ETC. (PIE DE IMPRENTA) |
| Lugar de publicación, distribución, etc. |
Pozuelo de Alarcón : |
| Nombre del editor, distribuidor, etc. |
Espasa Calpe, |
| Fecha de publicación, distribución, etc. |
2005 |
| 300 ## - DESCRIPCIÓN FÍSICA |
| Extensión |
1 disc òptic (CD-ROM) |
| Otras características físicas |
: col. ; |
| Dimensiones |
12 cm |
| 500 ## - NOTA GENERAL |
| Nota general |
Títol obtingut de la caràtula del Cd-Rom |
| 538 ## - NOTA DE DETALLES DEL SISITEMA |
| Nota de detalles del sistema |
Requeriments del sistema: ordinador PC IBM o compatible amb processador Pentium III a 500 MHz o superior; 32 MB de memoria RAM (recomanats 64 MB); 450 MB d́espai lliure al disc dur; tarja de vídeo SVGA amb 2 MB de memoria amb 65.535 colors a 800 x 600 pixels; tarja de so compatible amb windows; lector de DVD-ROM; sistema operatiu Windows 98 SE / ME/ 2000/ XP |
| 650 #0 - PUNTO DE ACCESO ADICIONAL DE MATERIA - TÉRMINO DE MATERIA |
| Término de materia o nombre geográfico como elemento inicial |
Enciclopèdies electròniques |
| 9 (RLIN) |
4815 |
| 907 ## - ELEMENTO G DATOS LOCALES, GDL (RLIN) |
| a |
.b42916057 |
| b |
22-01-21 |
| c |
28-12-09 |
| d |
28-12-09 |
| e |
i |
| f |
u |
| g |
- |
| h |
spa |
| i |
xx |
| j |
0 |
| k |
1 |
| 908 ## - CONTROL DE PARÁMETROS (RLIN) |
| Parametro de comando lanzado |
ICAB |
| 942 ## - ENTRADA DE ELEMENTOS AGREGADOS (KOHA) |
| Fuente de clasificaión o esquema |
|
| Koha [por defecto] tipo de item |
Materials audiovisuals |